Химия. Базовые понятия общей химии для предбакалавров (Туркменистан): электронный курс
| Hlavní autor: | |
|---|---|
| Korporativní autor: | |
| Další autoři: | , |
| Shrnutí: | Заглавие с экрана Онлайн-курс «Химия. Базовые понятия общей химии для предбакалавров (Туркменистан)" разработан для граждан Туркменистана, обучающихся на подготовительном отделении Национального исследовательского Томского политехнического университета по дополнительной образовательной программе, обеспечивающей подготовку граждан Туркменистана к освоению профессиональной образовательной программы «21.03.01 Нефтегазовое дело» на русском языке. Курс «Химия. Базовые понятия общей химии для предбакалавров" относится к естественнонаучному циклу дисциплин и содержит основные понятия и законы химии, классы неорганических веществ, классификацию химических реакций, строение вещества и химическую связь, периодический закон и периодическую систему элементов, закономерности поведения веществ в растворах, введение в химическую термодинамику и кинетику, введение в органическую химию. Доступ по логину и паролю |
| Jazyk: | ruština |
| Vydáno: |
Томск, TPU Moodle, 2019
|
| Témata: | |
| On-line přístup: | https://design.lms.tpu.ru/course/view.php?id=3342 |
| Médium: | MixedMaterials Elektronický zdroj Kniha |
| KOHA link: | https://koha.lib.tpu.ru/cgi-bin/koha/opac-detail.pl?biblionumber=666106 |
MARC
| LEADER | 00000nlm0a2200000 4500 | ||
|---|---|---|---|
| 001 | 666106 | ||
| 005 | 20240115145241.0 | ||
| 035 | |a (RuTPU)RU\TPU\network\37310 | ||
| 035 | |a RU\TPU\network\26229 | ||
| 090 | |a 666106 | ||
| 100 | |a 20211203d2019 m y0rusy50 ca | ||
| 101 | 0 | |a rus | |
| 102 | |a RU | ||
| 105 | |a a j 000zy | ||
| 135 | |a jrcn ---uucaa | ||
| 181 | 0 | |a i | |
| 182 | 0 | |a b | |
| 200 | 1 | |a Химия. Базовые понятия общей химии для предбакалавров (Туркменистан) |e электронный курс |f Г. В. Кашкан, Н. Б. Шахова, Ю. Ю. Мирошниченко |g Национальный исследовательский Томский политехнический университет, Школа базовой инженерной подготовки, Отделение естественных наук | |
| 203 | |a Текст |c электронный | ||
| 210 | |a Томск |c TPU Moodle |d 2019 | ||
| 300 | |a Заглавие с экрана | ||
| 330 | |a Онлайн-курс «Химия. Базовые понятия общей химии для предбакалавров (Туркменистан)" разработан для граждан Туркменистана, обучающихся на подготовительном отделении Национального исследовательского Томского политехнического университета по дополнительной образовательной программе, обеспечивающей подготовку граждан Туркменистана к освоению профессиональной образовательной программы «21.03.01 Нефтегазовое дело» на русском языке. Курс «Химия. Базовые понятия общей химии для предбакалавров" относится к естественнонаучному циклу дисциплин и содержит основные понятия и законы химии, классы неорганических веществ, классификацию химических реакций, строение вещества и химическую связь, периодический закон и периодическую систему элементов, закономерности поведения веществ в растворах, введение в химическую термодинамику и кинетику, введение в органическую химию. | ||
| 333 | |a Доступ по логину и паролю | ||
| 606 | 1 | |a Химия |2 stltpush |3 (RuTPU)RU\TPU\subj\17362 |9 43035 | |
| 610 | 1 | |a электронный ресурс | |
| 610 | 1 | |a труды учёных ТПУ | |
| 610 | 1 | |a электронное обучение | |
| 610 | 1 | |a электронные курсы ТПУ | |
| 610 | 1 | |a электронные учебные пособия | |
| 610 | 1 | |a учебные пособия | |
| 610 | 1 | |a электронные образовательные ресурсы | |
| 610 | 1 | |a химические термины | |
| 610 | 1 | |a неорганические соединения | |
| 610 | 1 | |a стехиометрия | |
| 610 | 1 | |a строение атома | |
| 610 | 1 | |a химические связи | |
| 610 | 1 | |a растворы | |
| 610 | 1 | |a химические реакции | |
| 610 | 1 | |a комплексные соединения | |
| 610 | 1 | |a электрохимические процессы | |
| 675 | |a 54(075.8) |v 3 | ||
| 700 | 1 | |a Кашкан |b Г. В. |c химик |c доцент Томского политехнического университета, кандидат химических наук |f 1948- |g Галина Валериановна |3 (RuTPU)RU\TPU\pers\25971 |9 11821 | |
| 701 | 1 | |a Шахова |b Н. Б. |c химик |c доцент Томского политехнического университета, кандидат химических наук |f 1982- |g Нина Борисовна |3 (RuTPU)RU\TPU\pers\25653 |9 11564 | |
| 701 | 1 | |a Мирошниченко |b Ю. Ю. |c химик |c доцент Томского политехнического университета, кандидат химических наук |f 1975- |g Юлия Юрьевна |3 (RuTPU)RU\TPU\pers\28567 |9 13386 | |
| 712 | 0 | 2 | |a Национальный исследовательский Томский политехнический университет |b Школа базовой инженерной подготовки |b Отделение естественных наук |3 (RuTPU)RU\TPU\col\23562 |
| 801 | 2 | |a RU |b 63413507 |c 20220627 |g RCR | |
| 856 | 4 | |u https://design.lms.tpu.ru/course/view.php?id=3342 | |
| 942 | |c CF | ||